000
00509nam a2200181Ia 4500
008
090123s9999 xx 000 0 und d
082
_b
16459
100
_a
नंदा गुलशन
245
_a
पत्थर के होंठ
250
_a
0
260
_b
अशोक
300
_a
158
600
_a
नंदा गुलशन
630
_a
पत्थर के होंठ
700
_a
नंदा गुलशन
730
_a
पत्थर के होंठ
942
_c
BOOK
999
_c
54524
_d
54524